000 00715nam a2200205 i 4500
001 163525
003 ES-MaACL
005 20230906212745.0
008 050713s1866 gw | |||||||| ||eng d
040 _aCAM
_bspa
_cCAM
100 1 _aRiddell, Charlotte Eliza Lawson.
_9131808
245 1 4 _aThe race for wealth
_b: a novel /
_cby F.G. Trafford (Mrs. J.H. Riddell).
260 _aLeipzig :
_bBernhard Taucnitz,
_c1866.
300 _a2 v. (342; 320 p.) ;
_c16 cm.
490 1 _aCollection of british authors ;
_v864; 865
752 _aAlemania -
_dLeipzig
830 0 _aCollection of british authors ;
_v864; 865
_9180703
852 _aES-MaACL
_jG-12869
_z-- Enc. hol.
_z-- 2 t. en 1 v.
999 _c163525
_d163525